Reálne potreby rozvoja prepravných služieb v kontexte zahraničného obchodu Slovenskej republiky autoreferát

Saved in:
Bibliographic Details
Main Author: Hansenová, Heda
Corporate Author: Ekonomická univerzita v Bratislave. Obchodná fakulta
Other Authors: Michník, Ľubomír
Format: Book
Language:Slovak
Published: Bratislava 1995
Subjects:
Tags: Add Tag
No Tags, Be the first to tag this record!

MARC

LEADER 00000nam a2200000 4500
001 c142931
005 20221123104216.9
041 0 |a slo 
044 |a SK 
245 1 0 |a Reálne potreby rozvoja prepravných služieb v kontexte zahraničného obchodu Slovenskej republiky  |b autoreferát  |c Heda Hansenová ; školiteľ: Ľubomír Michník 
264 1 |a Bratislava  |c 1995 
300 |a 12 s. 
610 2 0 |a preprava 
610 2 0 |a služby 
610 2 0 |a obchod zahraničný 
100 1 |a Hansenová, Heda 
700 1 |a Michník, Ľubomír 
710 2 |a Ekonomická univerzita v Bratislave. Obchodná fakulta